Statystyki dla Stolice Świata - Quiz na mapie

Kliknij tutaj aby rozwiązać quiz!

Ogólne statystyki

  • Ten quiz został rozwiązany 78 razy
    (41 od ostatniego zresetowania)
  • Średni wynik to 137 z 196

Odpowiedzi na mapie

Odpowiedzi skodowane kolorowo w zielono-czerwonej skali na mapie do tego quizu, zgodnie z poniższymi procentami.
 

Statystyki odpowiedzi

Odpowiedź% Poprawnych
Abu Zabi
100%
Abudża
86%
Algier
81%
Baku
81%
Belgrad
81%
Berlin
81%
Addis Abeba
76%
Ankara
76%
Antananarywa
76%
Astana
76%
Asunción
76%
Ateny
76%
Bandżul
76%
Bangi
76%
Bangkok
76%
Bejrut
76%
Belmopan
76%
Bogota
76%
Brasília
76%
Buenos Aires
76%
Meksyk
76%
Ottawa
76%
Reykjavík
76%
Sztokholm
76%
Akra
71%
Amsterdam
71%
Andora
71%
Asmara
71%
Aszchabad
71%
Bamako
71%
Bandar Seri Begawan
71%
Basseterre
71%
Bratysława
71%
Brazzaville
71%
Bruksela
71%
Budapeszt
71%
Canberra
71%
Dakar
71%
Dżibuti
71%
Dżuba
71%
Erywań
71%
Georgetown
71%
Hawana
71%
Helsinki
71%
Islamabad
71%
Jamusukro
71%
Jerozolima
71%
Kampala
71%
Kapsztad
71%
Katmandu
71%
Kigali
71%
Kijów
71%
Kiszyniów
71%
Kuwejt
71%
Libreville
71%
Lima
71%
Luanda
71%
Luksemburg
71%
Madryt
71%
Male
71%
Manama
71%
Manila
71%
Maskat
71%
Montevideo
71%
Moskwa
71%
Nairobi
71%
Nassau
71%
Naypyidaw
71%
Nikozja
71%
Nowe Delhi
71%
Oslo
71%
Panama
71%
Paramaribo
71%
Pekin
71%
Pjongjang
71%
Port-au-Prince
71%
Praga
71%
Pretoria
71%
Quito
71%
Rabat
71%
Ryga
71%
Rzym | Watykan
71%
Sana
71%
San Salvador
71%
Santo Domingo
71%
São Tomé
71%
Seul
71%
Singapur
71%
Skopje
71%
Tajpej
71%
Tallinn
71%
Taszkent
71%
Tbilisi
71%
Tegucigalpa
71%
Teheran
71%
Thimphu
71%
Tirana
71%
Trypolis
71%
Tunis
71%
Vaduz
71%
Valletta
71%
Waszyngton
71%
Wellington
71%
Wiedeń
71%
Wientian
71%
Zagrzeb
71%
Amman
67%
Apia
67%
Berno
67%
Bissau
67%
Biszkek
67%
Bloemfontein
67%
Bukareszt
67%
Caracas
67%
Castries
67%
Chartum
67%
Damaszek
67%
Dhaka
67%
Dili
67%
Dodoma
67%
Doha
67%
Duszanbe
67%
Dżakarta
67%
Freetown
67%
Funafuti
67%
Gaborone
67%
Gitega
67%
Gwatemala
67%
Hanoi
67%
Harare
67%
Honiara
67%
Jaunde
67%
Kabul
67%
Kair
67%
Kingston
67%
Kingstown
67%
Kinszasa
67%
Konkary
67%
Kopenhaga
67%
Kuala Lumpur
67%
La Paz
67%
Lilongwe
67%
Lizbona
67%
Lomé
67%
Londyn
67%
Lublana
67%
Lusaka
67%
Majuro
67%
Malabo
67%
Managua
67%
Maputo
67%
Maseru
67%
Mbabane
67%
Mińsk
67%
Mogadiszu
67%
Monako
67%
Monrovia
67%
Moroni
67%
Nawakszut
67%
Ndżamena
67%
Ngerulmud
67%
Niamey
67%
Nuku'alofa
67%
Palikir
67%
Paryż
67%
Phnom Penh
67%
Podgorica
67%
Port-of-Spain
67%
Porto-Novo | Kotonu
67%
Prisztina
67%
Rijad
67%
Roseau
67%
Saint George's
67%
Saint John’s
67%
San José
67%
San Marino
67%
Santiago
67%
Sarajewo
67%
Sofia
67%
Sri Dźajawardanapura Kotte
67%
Sucre
67%
Suva
67%
Tarawa
67%
Tokio
67%
Ułan Bator
67%
Victoria
67%
Wagadugu
67%
Warszawa
67%
Wilno
67%
Windhuk
67%
Yaren
67%
Bridgetown
62%
Dublin
62%
Port Louis
62%
Port Moresby
62%
Port Vila
62%

Rozkład punktacji

Percentyl według liczby udzielonych odpowiedzi

Procent ludzi z każdym wynikiem

Twoja historia wyników

Nie rozwiązałeś tego quizu od ostatniego zresetowania